00385nam a2200085Ia 4500008004100000245013700041260000900178300008700187650002500274180130s9999 xx 000 0 und d cDesmarais, Bruce A.; Cranmer, Skyler J.aForecasting the locational dynamics of transnational terrorism: a network analytic approach c2016 aBook title: Computer and information security--Acession number C20546; pages 72-83 aINFORMATION SECURITY